000 01646cam a22004934i 4500
003 PE-LiUPU
005 20250731173034.0
008 150623s r 000 0 d
020 _a1841270814
035 _a(Sirsi) i9781841270814
040 _aPE-LiUPU
_bspa
_cPE-LiUPU
_erda
049 _aPRUA
082 0 4 _a226.506
_bL67
_221
100 1 _aLindars, Barnabas,
_eautor.
245 1 4 _aThe johannine literature /
_cBarnabas Lindars.
264 1 _aSheffield, England :
_bSheffield Academic Press,
_c2000.
300 _a324 páginas ;
_c23 centímetros
336 _atext
_2rdacontent
337 _aunmediated
_2rdamedia
338 _avolume
_2rdacarrier
504 _aIncluye bibliografía en cada capítulo.
505 0 _aJohn. -The johannine epistles. -Revelation.
526 _aSEG42
526 _aSEG41
526 _aSEG40
526 _aSEG39
526 _aP94
526 _aP87
526 _aP86
526 _aP85
526 _aP77
526 _aP76
526 _aP35
630 _aBiblia.
_pN.T.
_pApocalipsis
_xCrítica, interpretación, etc.
630 _aBiblia.
_pN.T.
_pJuan
_xCrítica, interpretación, etc.
700 1 _aCourt, John M.,
_eed.
700 1 _aEdwards, Ruth B.,
_eed.
942 _2ddc
_cBOOK
949 _a226.506 L67
_wDEWEY
_c1
_i48016
_lCCODEBUL1
_mBUL
_r0
_sY
_tBOOK
_u2015-6-24
_xTEOLOGIA
_PP35
_0COMPRA
_o.STAFF. Colección General
994 _aC0
_bPEPRU
596 _a1
999 _a226.506 L67
_wDEWEY
_c25565
_i48016
_d25565
_f2021-11-9
_g5
_lCCODEBUL1
_mBUL
_q2
_r0
_sY
_tBOOK
_u2015-6-24
_xTEOLOGIA
_PP35
_0COMPRA
_o.STAFF. Colección General
980 _81
_gALBERTO SANCHEZ Responsable de Automatización